Répliques cultes du cinéma français - Statistiques

Statistiques générales
  • Ce quiz a été pris 47 612 fois
    45 898 depuis la dernière actualisation
  • Le résultat moyen est 9 sur 20
Statistiques - réponses
Réplique Film % Correct
Merci la gueuse ! Tu es un laideron mais tu es bien bonne. Les Visiteurs
86%
Alors, on attend pas Patrick? Camping
78%
- Il s’appelle Juste Leblanc. - Ah bon, il n’a pas de prénom ? Le Dîner de cons
69%
C'est trop calme... J'aime pas trop beaucoup ça. Astérix et Obélix : Mission Cléopâtre
66%
T'es comme le "H" de Hawaï : tu sers à rien. Brice de Nice
58%
Vous êtes juif ? Comment, Salomon, vous êtes juif ? Les Aventures de Rabbi Jacob
58%
J'ai glissé chef ! La Septième Compagnie
54%
- Ça va être tout noir !- Ta gu***le ! RRRrrrr!!!
54%
Toi et moi on peut pas tout miser sur notre physique. Surtout toi. Les Bronzés font du ski
53%
J'aime me beurrer la biscotte. OSS 117 : Le Caire, nid d'espions
52%
Il est l'Or, monseignor. La Folie des Grandeurs
43%
Prenez un chewing-gum, Émile. La Cité de la peur
40%
Bah maintenant elle va marcher beaucoup moins bien, forcément... Le Corniaud
30%
C'est fin, c'est très fin, ça se mange sans faim. Le Père Noël est une ordure
29%
Les cons ça ose tout, c'est même à ça qu'on les reconnaît. Les Tontons Flingueurs
25%
L'important c'est pas la chute, c'est l'atterrissage. La Haine
24%
T'es mignon mais t'es un tout p'tit Breton. La Tour Montparnasse infernale
23%
C'est lundi, c'est ravioli ! La vie est un long fleuve tranquille
20%
- Y'a pas d'hélice, hélas. - C'est là qu'est l'os. La Grande Vadrouille
18%
Mon eau minérale ! L'aile ou la cuisse
14%
Aucun quiz correspondant
Distribution des résultats
% des personnes avec chaque résultat
Percentile par nombre de réponses
Votre historique - résultats
Vous n’avez pas pris ce quiz depuis la dernière actualisation